000 00626nam a2200241Ia 4500
003 OSt
005 20220926011126.0
006 a|||||r|||| 00| 0
007 ta
008 220923b |||||||| |||| 00| 0 eng d
037 _cGeneral Book
040 _aRTL
_cRTL
_beng
041 _2eng
_aeng
082 _aX, L0;L2
100 _aHeilbroner Robert L
_9114401
245 0 _aEconomic problem
250 _a3
260 _aNew Jersey
_bPrentice-Hall
_c1972
300 _axx; 747p
_ccm.
650 _aEconomic Theory
942 _hX, L0;L2
_cGB
_2CC
999 _c619170
_d619170